| 000 | 00541nam a22001817a 4500 | ||
|---|---|---|---|
| 999 |
_c5706 _d5706 |
||
| 003 | GBCCL | ||
| 005 | 20241126110548.0 | ||
| 008 | 180404b ||||| |||| 00| 0 eng d | ||
| 040 | _cgbc | ||
| 082 |
_a813.54 _bSHA |
||
| 100 |
_aShaw, George Bernard _910310 |
||
| 245 |
_aThe adventures of the black girl in her search for God / _cGeorge Bernard Shaw |
||
| 260 |
_aNew York: _bDodd, Mead & Company, _c1933 |
||
| 300 |
_a74 p.; _bill., _c21 cm. |
||
| 650 |
_aWomen, Black _910311 |
||
| 650 |
_aReligion in literature _910312 |
||
| 942 |
_2ddc _cBK _02 |
||